| 000 -LEADER |
| fixed length control field |
00595nam a22002057a 4500 |
| 005 - DATE AND TIME OF LATEST TRANSACTION |
| control field |
20210426095032.0 |
| 008 - FIXED-LENGTH DATA ELEMENTS--GENERAL INFORMATION |
| fixed length control field |
210210s2005 ||||| |||| 00| 0 eng d |
| 020 ## - INTERNATIONAL STANDARD BOOK NUMBER |
| International Standard Book Number |
1551927276 |
| 040 ## - CATALOGING SOURCE |
| Original cataloging agency |
eng |
| Transcribing agency |
DLC |
| 041 ## - LANGUAGE CODE |
| Language code of text/sound track or separate title |
eng |
| 080 ## - UNIVERSAL DECIMAL CLASSIFICATION NUMBER |
| Universal Decimal Classification number |
001 |
| Item number |
S-53 |
| 100 ## - MAIN ENTRY--PERSONAL NAME |
| 9 (RLIN) |
820 |
| Personal name |
Shell, Barry |
| 245 ## - TITLE STATEMENT |
| Title |
Sensational Scientists / The Journeys and Discoveries of 24 Men and Women of Science |
| Statement of responsibility, etc. |
/ by: Raincoast Books |
| 260 ## - PUBLICATION, DISTRIBUTION, ETC. |
| Place of publication, distribution, etc. |
Vancouver |
| Name of publisher, distributor, etc. |
Raincoast Books |
| Date of publication, distribution, etc. |
2005 |
| 300 ## - PHYSICAL DESCRIPTION |
| Extent |
202 p. |
| Other physical details |
ill. |
| 365 ## - TRADE PRICE |
| Price amount |
15.95 usd |
| 650 #0 - SUBJECT ADDED ENTRY--TOPICAL TERM |
| 9 (RLIN) |
681 |
| Topical term or geographic name entry element |
Science |
| 653 ## - INDEX TERM--UNCONTROLLED |
| Uncontrolled term |
მეცნიერება |
| 942 ## - ADDED ENTRY ELEMENTS (KOHA) |
| Source of classification or shelving scheme |
|
| Koha item type |
Books |